| 000 | 00664nam a2200229Ia 4500 | ||
|---|---|---|---|
| 005 | 20240419125840.0 | ||
| 008 | 131103s9999 xx 000 0 und d | ||
| 020 | _a0 205 11360 5 | ||
| 040 | _aLoreto College | ||
| 041 | _aEnglish | ||
| 082 |
_a370.15 _bGIB |
||
| 100 | _aGibson, Janice T | ||
| 245 |
_aEducational Psychology _cJanice T Gibson & Louis A. Chandler |
||
| 250 | _a mastering principles and applications | ||
| 260 |
_aBostan _bAllyn _c1988 |
||
| 300 |
_axviii,534p _b ill.,chart, tables |
||
| 504 | _aInclude bibliographical references & index | ||
| 650 | _aPsychology | ||
| 700 | _aChandler, Louis A | ||
| 850 | _aLCBED | ||
| 942 | _cBK | ||
| 999 |
_c26886 _d77365 |
||